El cierre de actas de las comunidades de propietarios

Detalles Bibliográficos
Autor principal: Martn̕ Bernal, Jos ̌Manuel
Formato: Desconocido
Lenguaje:español
Publicado: Madrid : Montecorvo, 2001
Materias:
Acceso en línea:Acceso restringido

MARC

LEADER 00000ny a22000003n 4500
005 20110530135615.0
008 011220s2001 sp |s 000 0 spa c
017 |a D.L. M.40349-2001 
020 |a 8471114089 
035 |a 1710 
040 |a BUS  |d vLex 
040 |a UMA.RE  |d vLex 
080 |a 347.238.31(460))0.034) 
090 |c 361  |d 361 
100 1 |a Martn̕ Bernal, Jos ̌Manuel 
245 1 3 |a El cierre de actas de las comunidades de propietarios  |h [Recurso electrn̤ico]  |c Jos ̌Manuel Martn̕ Bernal 
256 |a Servicio en ln̕ea 
260 |a Madrid :  |b Montecorvo,  |c 2001 
300 |a 111 p. ;  |c 21 cm 
506 1 |a Contenido solo disponible en los productos indicados  |d vLex Global  |d vLex Global (Academic Edition, excluding Law Schools)  |d vLex Global (U.S. Academic Edition, Law Schools)  |d vLex Global (U.S. Academic Edition, excluding Law Schools)  |d vLex Global (Academic Edition, Law Schools) 
650 0 7 |a Propiedad horizontal  |2 Tesauro vLex 
650 0 7 |a Comunidad de propietarios  |2 Tesauro vLex 
740 0 |a vLex Libros (Servicios en ln̕ea) 
856 4 0 |u http://vlex.com/source/1710  |z Acceso restringido 
942 |c BOOK 
999 0 |a Condominiums  |b Madrid